<?xml version="1.0" encoding="UTF-8"?>
<record
    xmlns:xsi="http://www.w3.org/2001/XMLSchema-instance"
    xsi:schemaLocation="http://www.loc.gov/MARC21/slim http://www.loc.gov/standards/marcxml/schema/MARC21slim.xsd"
    xmlns="http://www.loc.gov/MARC21/slim">

  <leader>00640nam a22001457a 4500</leader>
  <datafield tag="999" ind1=" " ind2=" ">
    <subfield code="c">134263</subfield>
    <subfield code="d">134263</subfield>
  </datafield>
  <controlfield tag="005">20240604112353.0</controlfield>
  <controlfield tag="008">240604b           ||||| |||| 00| 0 eng d</controlfield>
  <datafield tag="040" ind1=" " ind2=" ">
    <subfield code="c">PK-LaUMT</subfield>
  </datafield>
  <datafield tag="082" ind1=" " ind2=" ">
    <subfield code="a">APC 297.4092</subfield>
    <subfield code="b">ASH-N</subfield>
  </datafield>
  <datafield tag="100" ind1=" " ind2=" ">
    <subfield code="a">Ashfaq ul Ishaq, Muhammad = &#x627;&#x634;&#x641;&#x627;&#x642; &#x627;&#x644;&#x627;&#x633;&#x62D;&#x627;&#x642;&#x60C; &#x645;&#x62D;&#x645;&#x62F;</subfield>
  </datafield>
  <datafield tag="245" ind1=" " ind2=" ">
    <subfield code="a">Nasim Yemen fi halaat 1328 Awais Qarn Razi Allah Tala Unho =  &#x646;&#x633;&#x6CC;&#x645; &#x6CC;&#x645;&#x646; &#x641;&#x6CC; &#x62D;&#x627;&#x644;&#x627;&#x62A; 1328 &#x627;&#x648;&#x6CC;&#x633; &#x642;&#x631;&#x646; &#x631;&#x636;&#x6CC; &#x627;&#x644;&#x644;&#x6C1; &#x62A;&#x639;&#x627;&#x644;&#x6CC;&#x670; &#x639;&#x646;&#x6C1; /</subfield>
    <subfield code="c">by Muhammad Ashfaq ul Ishaq =   &#x645;&#x62D;&#x645;&#x62F; &#x627;&#x634;&#x641;&#x627;&#x642; &#x627;&#x644;&#x627;&#x633;&#x62D;&#x627;&#x642;</subfield>
  </datafield>
  <datafield tag="260" ind1=" " ind2=" ">
    <subfield code="a">Multan =</subfield>
    <subfield code="b">Idarah Zia ul Sunnat Jamia Islamia Khairulmead,</subfield>
    <subfield code="c">2002</subfield>
  </datafield>
  <datafield tag="300" ind1=" " ind2=" ">
    <subfield code="a">200 p.</subfield>
  </datafield>
  <datafield tag="942" ind1=" " ind2=" ">
    <subfield code="c">BK</subfield>
  </datafield>
  <datafield tag="952" ind1=" " ind2=" ">
    <subfield code="0">0</subfield>
    <subfield code="1">0</subfield>
    <subfield code="4">0</subfield>
    <subfield code="7">0</subfield>
    <subfield code="a">01</subfield>
    <subfield code="b">01</subfield>
    <subfield code="d">2024-06-04</subfield>
    <subfield code="l">0</subfield>
    <subfield code="o">APC 297.4092 ASH-N</subfield>
    <subfield code="p">146760</subfield>
    <subfield code="r">2024-06-04 00:00:00</subfield>
    <subfield code="w">2024-06-04</subfield>
    <subfield code="y">BK</subfield>
  </datafield>
</record>
